Every Manchester City Manager - Statistics

General Stats
  • This quiz has been taken 53 times
  • The average score is 12 of 51
Answer Stats
Hint Answer % Correct
2016-Current Spain Pep Guardiola
98%
2013-2016 Chile Manuel Pellegrini
92%
2009-2013 Italy Roberto Mancini
87%
2008-2009 Wales Mark Hughes
73%
2007-2008 Sweden Sven-Goran Eriksson
71%
2005-2007 England Stuart Pearce
60%
2001-2005 England Kevin Keegan
56%
1995-1996 England Alan Ball
40%
1971-1973 England Malcolm Allison
38%
1979-1980 England Malcolm Allison
38%
2013-2013 England Brian Kidd
37%
1965-1971 England Joe Mercer
35%
1998-2001 England Joe Royle
35%
1990-1993 England Peter Reid
33%
1973-1973 England Tony Book
33%
1974-1979 England Tony Book
33%
1980-1980 England Tony Book
33%
1989-1989 England Tony Book
33%
1993-1993 England Tony Book
33%
1980-1983 England John Bond
25%
1993-1995 England Brian Horton
23%
1983-1986 Scotland Billy McNeill
21%
1996-1996 England Steve Coppell
21%
1996-1998 England Frank Clark
17%
1989-1990 England Howard Kendall
17%
1973-1973 England Johnny Hart
17%
1987-1989 England Mel Machin
15%
1996-1996 Scotland Asa Hartford
13%
1986-1987 Scotland Jimmy Frizzell
13%
1996-1996 England Phil Neal
13%
1973-1974 England Ron Saunders
13%
1983-1983 Scotland John Benson
6%
1932-1946 England Wilf Wild
6%
1947-1947 England Wilf Wild
6%
1912-1924 England Ernest Mangnall
4%
1947-1950 Scotland Jock Thomson
4%
1950-1963 Scotland Les McDowall
4%
1924-1925 England David Ashworth
2%
1963-1965 England George Poyser
2%
1889-1893 England Lawrence Furniss
2%
1926-1932 Scotland Peter Hodge
2%
1946-1947 England Sam Cowan
2%
1925-1926 England Albert Alexander
0%
1884-1887 England Edward Kitchen
0%
1880-1882 England Frederick Hopkinson
0%
1906-1912 England Harry Newbould
0%
1882-1884 England Jack McGee
0%
1893-1895 England Joshua Parlby
0%
1895-1902 England Sam Omerod
0%
1902-1906 Scotland Tom Maley
0%
1887-1889 England Walter Chew
0%
No matching quizzes found
Score Distribution
Percent of People with Each Score
Percentile by Number Answered
Your Score History
You have not taken this quiz